[Event "Reykjavik Open 2024"]
[Site "Reykjavik ISL"]
[Date "2024.03.18"]
[Round "6.110"]
[White "Cansdale, Zach"]
[Black "Johannsson, Markus Orri"]
[Result "1/2-1/2"]
[WhiteElo "1951"]
[BlackElo "1758"]
[WhiteFideId "343409024"]
[BlackFideId "2318539"]
[EventDate "2024.03.15"]

1. e4 c5 2. Nc3 d6 3. f4 Nf6 4. Nf3 Nc6 5. Bc4 e6 6. O-O Be7 7. d3 O-O 8. Bb3
Bd7 9. e5 Ne8 10. Qe1 Nc7 11. Qg3 f5 12. exd6 Bxd6 13. Bd2 Na5 14. Rae1 Nxb3 15.
axb3 Rf6 16. Ne5 Bxe5 17. Rxe5 Rg6 18. Qe3 Bc6 19. Rf2 b6 20. Be1 Qd7 21. Re2
Bb7 22. Qd2 Qc6 23. R5e3 Rf8 24. Rg3 Rxg3 25. hxg3 Rf6 26. Nd1 Nd5 27. Ne3 Nxe3
28. Qxe3 h5 29. Qf2 Rg6 30. Kh2 Kf7 31. Re3 h4 32. Qf3 hxg3+ 33. Bxg3 Rh6+ 34.
Kg1 Qxf3 35. gxf3 Bc6 36. Be1 Rg6+ 37. Kf2 Rh6 38. Kg2 1/2-1/2

[Event "Reykjavik Open 2024"]
[Site "Reykjavik ISL"]
[Date "2024.03.18"]
[Round "6.111"]
[White "Stark, John"]
[Black "Jaroszewicz, Dawid"]
[Result "1-0"]
[WhiteTitle "CM"]
[WhiteElo "1947"]
[BlackElo "1757"]
[WhiteFideId "4300963"]
[BlackFideId "41809742"]
[EventDate "2024.03.15"]

1. c4 Nf6 2. g3 e6 3. Bg2 d5 4. d4 c5 5. cxd5 exd5 6. Nf3 Nc6 7. O-O Be7 8. dxc5
Bxc5 9. Bg5 O-O 10. Qc2 Bb6 11. Nc3 Be6 12. Rad1 h6 13. Bf4 Rc8 14. Qa4 Na5 15.
Ne5 g5 16. Be3 Bxe3 17. fxe3 Qb6 18. Rxf6 Qxe3+ 19. Rf2 b6 20. Qd4 1-0

[Event "Reykjavik Open 2024"]
[Site "Reykjavik ISL"]
[Date "2024.03.18"]
[Round "6.112"]
[White "Arun, Rahul"]
[Black "Doran, Chris"]
[Result "0-1"]
[WhiteElo "1693"]
[BlackElo "1947"]
[WhiteFideId "2524210"]
[BlackFideId "503835"]
[EventDate "2024.03.15"]

1. d4 Nf6 2. c4 g6 3. Nc3 Bg7 4. e4 d6 5. Nf3 O-O 6. Be2 e5 7. O-O Nc6 8. d5 Ne7
9. b4 Ne8 10. c5 f5 11. Nd2 fxe4 12. Ndxe4 Nf5 13. Bc4 h6 14. Rb1 Nd4 15. Ne2
Qh4 16. f3 Bf5 17. g3 Nxf3+ 18. Rxf3 Qxe4 19. Qd3 Qg4 20. Rxf5 Qxf5 21. Qxf5
gxf5 22. Be3 Nf6 23. Nc3 a6 24. a4 Ng4 25. Bd2 e4 26. Ne2 Ne5 27. Ba2 Nf3+ 28.
Kf2 Nxd2 29. Rd1 Nf3 30. h3 Be5 31. c6 b6 32. Bb3 Kg7 33. Ke3 Rg8 34. Kf2 Kf6
35. Rb1 Nd2 0-1

[Event "Reykjavik Open 2024"]
[Site "Reykjavik ISL"]
[Date "2024.03.18"]
[Round "6.113"]
[White "Schmidt, Florian Pascal"]
[Black "Joensen, Henrik W."]
[Result "1-0"]
[WhiteElo "1947"]
[BlackElo "1751"]
[WhiteFideId "16256840"]
[BlackFideId "7203780"]
[EventDate "2024.03.15"]

1. Nf3 Nf6 2. g3 e6 3. Bg2 d5 4. O-O c5 5. d4 Nc6 6. c4 Bd6 7. cxd5 exd5 8. Nc3
Bf5 9. Bg5 Be4 10. dxc5 Bxc5 11. Nxe4 dxe4 12. Nd2 e3 13. Bxe3 Bxe3 14. fxe3 Qe7
15. Qb3 O-O 16. Nc4 Rab8 17. Rad1 Rfd8 18. Rxd8+ Rxd8 19. Rd1 Rxd1+ 20. Qxd1 b5
21. Bxc6 bxc4 22. Qd4 g5 23. Bb5 h5 24. Bxc4 Ng4 25. e4 Ne5 26. Bd5 a5 27. Qc3
Qa7+ 28. e3 Ng4 29. Qd4 Qc7 30. Bc4 Ne5 31. Be2 Qc1+ 32. Kg2 Qc2 33. Kf1 Qc1+
34. Kf2 Ng4+ 35. Bxg4 hxg4 36. Qc3 Qd1 37. Qe1 Qc2+ 38. Qe2 Qxe4 39. Qd1 a4 40.
Qd8+ Kh7 41. Qd1 Qf5+ 42. Ke1 Qe4 43. Kd2 Qd5+ 44. Kc1 Qxa2 45. Qxg4 f6 46. h4
Qb3 47. Qe4+ Kh6 48. hxg5+ Kxg5 49. Qf4+ Kg6 50. Qg4+ Kf7 51. Qh5+ Kg7 52. Qc5
Qd3 53. Qc7+ Kh6 54. Qf4+ Kg7 55. g4 Kg6 56. Qd4 Qe2 57. Qe4+ Kg7 58. Qxa4 Qxe3+
59. Kc2 Kg6 60. Qd7 Qc5+ 61. Kb3 Qb6+ 62. Kc3 Qc5+ 63. Kd3 Qb4 64. Qd4 Qb5+ 65.
Ke3 Qg5+ 66. Kf3 Qb5 67. b4 Qf1+ 68. Ke3 Qe1+ 69. Kd3 Qf1+ 70. Kc3 Qc1+ 71. Kb3
Qb1+ 72. Kc4 Qc2+ 73. Kd5 Qa4 74. Qe4+ Kg7 75. Kc4 Qa6+ 76. Kc5 Qc8+ 77. Kb6
Qd8+ 78. Ka7 Kh6 79. Qh1+ Kg5 80. Qh5+ Kf4 81. Qf5+ Kg3 82. b5 Qc7+ 83. Ka6 Qc4
84. g5 Qa4+ 85. Kb7 fxg5 86. Qxg5+ Kf3 87. Qd5+ Ke3 88. b6 Qe8 89. Qc5+ Kd3 90.
Qc6 Qe7+ 91. Kb8 Qe5+ 92. Kc8 Qh8+ 93. Kc7 Qa1 94. b7 Qa5+ 95. Kc8 1-0

[Event "Reykjavik Open 2024"]
[Site "Reykjavik ISL"]
[Date "2024.03.18"]
[Round "6.114"]
[White "Javet, Blaise"]
[Black "Von Kistowski, Fynn"]
[Result "1-0"]
[WhiteElo "1942"]
[BlackElo "1746"]
[WhiteFideId "1305026"]
[BlackFideId "1353888"]
[EventDate "2024.03.15"]

1. e4 c6 2. d4 d5 3. e5 Bf5 4. Nf3 e6 5. Be2 Nd7 6. O-O Ne7 7. g3 h6 8. c3 c5 9.
dxc5 Nxc5 10. Bb5+ Nd7 11. Nd4 a6 12. Nxf5 Nxf5 13. Bd3 Ne7 14. Qe2 Nc6 15. f4
Bc5+ 16. Kh1 O-O 17. b4 Be7 18. a3 b5 19. a4 Nb6 20. axb5 axb5 21. Rxa8 Qxa8 22.
Bxb5 Rc8 23. Bd3 Nc4 24. Nd2 Qa2 25. Nxc4 Qxe2 26. Bxe2 dxc4 27. Be3 Bf8 28. Kg1
Ne7 29. g4 Nd5 30. Bd4 Be7 31. Rb1 Bd8 32. Bf3 Bb6 33. Bxb6 Nxb6 34. Ra1 Nd5 35.
Bxd5 exd5 36. Rd1 Rd8 37. Kf2 Kf8 38. Ke3 Ke7 39. Ra1 Ke6 40. Ra6+ Ke7 41. Kd4
f6 42. Ra7+ 1-0

[Event "Reykjavik Open 2024"]
[Site "Reykjavik ISL"]
[Date "2024.03.18"]
[Round "6.115"]
[White "Honey, Luke Anthony"]
[Black "Pollitt, Henry"]
[Result "1-0"]
[WhiteElo "1939"]
[BlackElo "1674"]
[WhiteFideId "343403425"]
[BlackFideId "2644916"]
[EventDate "2024.03.15"]

1. c4 c6 2. e4 d5 3. exd5 cxd5 4. d4 Nf6 5. Nc3 e6 6. c5 Nc6 7. Nf3 Be7 8. Bb5
O-O 9. Bxc6 bxc6 10. O-O Qc7 11. Re1 Nd7 12. b4 Bf6 13. Qe2 Re8 14. Ne5 Bxe5 15.
dxe5 Nf8 16. h4 Bd7 17. Bd2 Rab8 18. h5 h6 19. a3 a5 20. Na4 axb4 21. axb4 Bc8
22. Qg4 Kh8 23. Ra3 Qe7 24. Rg3 f5 25. exf6 Qxf6 26. Rf3 e5 27. Qg3 Qe7 28. Rxe5
Be6 29. Bc3 Qa7 30. Nb6 Bg8 31. Rfe3 Rxe5 32. Bxe5 Rd8 33. Bc7 d4 34. Ra3 1-0

[Event "Reykjavik Open 2024"]
[Site "Reykjavik ISL"]
[Date "2024.03.18"]
[Round "6.116"]
[White "Slikker, Willem"]
[Black "Sveinsson, Gudmundur Peng"]
[Result "0-1"]
[WhiteElo "1936"]
[BlackElo "1620"]
[WhiteFideId "1081330"]
[BlackFideId "2314550"]
[EventDate "2024.03.15"]

1. e4 c6 2. Nc3 d5 3. Nf3 dxe4 4. Nxe4 Nf6 5. Nxf6+ exf6 6. d4 Be6 7. c4 Bb4+ 8.
Bd2 Bxd2+ 9. Qxd2 O-O 10. Be2 Nd7 11. O-O Nb6 12. Rfc1 Re8 13. b4 Qd7 14. a4
Rad8 15. b5 Bg4 16. a5 Nc8 17. bxc6 bxc6 18. h3 Bh5 19. Ra3 Nd6 20. Rd3 Bg6 21.
Rb3 Ne4 22. Qb2 Qc7 23. Bf1 Qxa5 24. Ra1 Qc7 25. Rb7 Qf4 26. Raxa7 Ng5 27. Nxg5
Qxg5 28. c5 Qd5 29. Rb4 Re4 30. Bc4 Qg5 31. Qb3 Re1+ 32. Kh2 Qf4+ 33. Qg3 Qc1
34. Qf3 Be4 35. Qg4 Rh1+ 36. Kg3 Qc3+ 37. Kh4 g5+ 38. Kh5 Bxg2 39. Rb3 Qxc4 40.
Qxg2 Qxb3 0-1

[Event "Reykjavik Open 2024"]
[Site "Reykjavik ISL"]
[Date "2024.03.18"]
[Round "6.117"]
[White "Davidsen, Rokur"]
[Black "Bjarnason, Kristinn"]
[Result "0-1"]
[WhiteElo "1682"]
[BlackElo "1934"]
[WhiteFideId "7203098"]
[BlackFideId "2323028"]
[EventDate "2024.03.15"]

1. e4 c6 2. d4 d5 3. e5 c5 4. c3 Nc6 5. Nf3 Bg4 6. Bb5 e6 7. Qa4 Qc8 8. Nbd2 a6
9. Bxc6+ Qxc6 10. Qxc6+ bxc6 11. h3 Bxf3 12. Nxf3 cxd4 13. cxd4 c5 14. dxc5 Bxc5
15. Bd2 Ne7 16. Rc1 Bb6 17. Bb4 Kd7 18. Ke2 Nc6 19. Bc3 h6 20. Rhd1 Rhc8 21. Bd2
Bc7 22. Bc3 Bb6 23. Bd2 a5 24. h4 a4 25. h5 Rab8 26. Bc3 Ba5 27. Nd4 Bxc3 28.
bxc3 Nxe5 29. f4 Nc4 30. f5 Rb2+ 31. Rc2 Rcb8 32. fxe6+ fxe6 33. Kf3 e5 34. Rxb2
Rxb2 0-1

[Event "Reykjavik Open 2024"]
[Site "Reykjavik ISL"]
[Date "2024.03.18"]
[Round "6.118"]
[White "Gulbinski, Michal"]
[Black "Gislason, Gudmundur"]
[Result "0-1"]
[BlackTitle "FM"]
[WhiteElo "1671"]
[BlackElo "2266"]
[WhiteFideId "21086079"]
[BlackFideId "2300559"]
[EventDate "2024.03.15"]

1. d4 Nf6 2. Nf3 g6 3. Bf4 Bg7 4. e3 d6 5. h3 O-O 6. Be2 c5 7. c3 Qb6 8. Qb3 Nc6
9. O-O Be6 10. Qxb6 axb6 11. a3 h6 12. Nbd2 Nd7 13. Bh2 f5 14. Rfe1 d5 15. Bd3
Bf7 16. Rad1 Rfe8 17. Bc2 e5 18. dxe5 Ndxe5 19. Nxe5 Bxe5 20. Nf3 Bxh2+ 21. Kxh2
Kg7 22. Bb3 Red8 23. Rd2 Rd6 24. Red1 Rad8 25. h4 Kf6 26. g3 b5 27. Kg1 g5 28.
hxg5+ hxg5 29. Ba2 g4 30. Nh4 Ne5 31. Kf1 Nf3 32. Nxf3 gxf3 33. c4 Rh8 34. Kg1
Kg5 0-1

[Event "Reykjavik Open 2024"]
[Site "Reykjavik ISL"]
[Date "2024.03.18"]
[Round "6.119"]
[White "Riisem, Oyvind"]
[Black "Fjeldsted, Andres"]
[Result "1-0"]
[WhiteElo "2234"]
[BlackElo "1795"]
[WhiteFideId "1504673"]
[BlackFideId "2321378"]
[EventDate "2024.03.15"]

1. d4 d5 2. c4 e6 3. Nc3 Nf6 4. cxd5 exd5 5. Bg5 Be7 6. e3 c6 7. Bd3 Ne4 8. Bxe7
Qxe7 9. Nge2 f5 10. O-O O-O 11. Qc2 Nd7 12. Rae1 g6 13. Nc1 Ndf6 14. f3 Nd6 15.
Nb3 Qg7 16. Na5 Bd7 17. b4 b6 18. Nb3 Rfe8 19. a4 Re7 20. Re2 Rae8 21. Rfe1 Qh6
22. Qc1 Nc4 23. Nd1 b5 24. axb5 cxb5 25. Nc5 Bc8 26. Nc3 a6 27. Nxd5 Nxd5 28.
Bxc4 bxc4 29. Qxc4 Rd8 30. e4 fxe4 31. fxe4 Qh5 32. exd5 Rxe2 33. Rxe2 Bg4 34.
Re5 Bf5 35. h3 Qd1+ 36. Kh2 Rf8 37. d6+ Kh8 38. d7 Bxd7 39. Nxd7 Rf1 40. Re7
Rh1+ 41. Kg3 1-0

[Event "Reykjavik Open 2024"]
[Site "Reykjavik ISL"]
[Date "2024.03.18"]
[Round "6.120"]
[White "Stenzel, Thomas"]
[Black "Hauksson, Helgi"]
[Result "1-0"]
[WhiteElo "2175"]
[BlackElo "1790"]
[WhiteFideId "4632770"]
[BlackFideId "2305593"]
[EventDate "2024.03.15"]

1. e4 c6 2. d4 d5 3. e5 Bf5 4. h4 h5 5. c4 Bxb1 6. Rxb1 dxc4 7. Bxc4 e6 8. Ne2
Ne7 9. Bg5 Qa5+ 10. b4 Qb6 11. O-O Nf5 12. Qd2 a6 13. Rfd1 g6 14. a4 Bh6 15.
Bxh6 Nxh6 16. Ng3 Nd7 17. Ne4 Nf5 18. g3 O-O 19. Kg2 Kg7 20. Qb2 Rfd8 21. Rd3
Qc7 22. a5 Rac8 23. Rbd1 Nf8 24. Qd2 Qe7 25. Qc3 Rc7 26. Bb3 Rcd7 27. R3d2 Nh7
28. Nc5 Rc7 29. Bc2 Nf8 30. Ne4 Nd7 31. Ng5 Nf8 32. Kh3 Nh7 33. Ne4 Nf8 34. Nf6
Nh7 35. Ne4 Nf8 36. Bb1 Rd5 37. Ba2 Rb5 38. Rb1 b6 39. Bc4 bxa5 40. Bxb5 cxb5
41. Nc5 axb4 42. Qxb4 Nxd4 43. Nxa6 Nc6 44. Qxe7 Rxe7 45. Rxb5 Ra7 46. Nb4 Ne7
47. Rd6 Nf5 48. Ra6 Rc7 49. Ra8 g5 50. hxg5 Ng6 51. Nd3 Nge7 52. Nf4 h4 53. g4
Rc3+ 54. Kg2 Nd4 55. Rb7 Ndc6 56. Re8 Rc4 57. Nh5+ Kg6 58. Rbxe7 Nxe7 59. f4 Rc7
60. Rh8 f5 61. gxf6 Nd5 62. Rg8+ Kh7 63. Rg7+ Rxg7 64. fxg7 Ne7 65. Kh3 Ng6 66.
f5 exf5 67. gxf5 Nxe5 68. Kxh4 Nf7 69. Kg4 Nh6+ 70. Kg5 Nf7+ 71. Kf6 Nh6 72. Ke6
Kg8 73. Kf6 Ng4+ 74. Ke7 Nh6 75. f6 Nf7 76. Ng3 Nh6 77. Ke8 Nf7 78. Nf5 Kh7 79.
Kf8 Nh8 80. g8=Q# 1-0

[Event "Reykjavik Open 2024"]
[Site "Reykjavik ISL"]
[Date "2024.03.18"]
[Round "6.121"]
[White "Mercure, Gilbert"]
[Black "George Samir, David"]
[Result "0-1"]
[BlackTitle "FM"]
[WhiteElo "1804"]
[BlackElo "2130"]
[WhiteFideId "2629585"]
[BlackFideId "10657789"]
[EventDate "2024.03.15"]

1. e4 c5 2. b4 cxb4 3. a3 d5 4. exd5 Qxd5 5. Nf3 bxa3 6. Bxa3 Nf6 7. Nc3 Qd8 8.
Bc4 e6 9. Bxf8 Kxf8 10. Qe2 Nc6 11. O-O g6 12. d4 Kg7 13. Rfd1 Nd5 14. Bxd5 exd5
15. Qb5 Ne7 16. Re1 a6 17. Qb4 Nc6 18. Qc5 Be6 19. Ne5 Rc8 20. Nxc6 Rxc6 21. Qa3
Qc7 22. Na4 Rxc2 23. Nc5 Bf5 24. Qb3 Qf4 25. Qe3 Qxe3 26. Rxe3 b6 27. Nxa6 Ra8
28. Ree1 Rc4 29. Reb1 0-1

[Event "Reykjavik Open 2024"]
[Site "Reykjavik ISL"]
[Date "2024.03.18"]
[Round "6.122"]
[White "Strathmann, Sacha"]
[Black "De Winter, Eric"]
[Result "1-0"]
[WhiteElo "2129"]
[BlackElo "1782"]
[WhiteFideId "4693825"]
[BlackFideId "1033069"]
[EventDate "2024.03.15"]

1. e4 d5 2. exd5 Qxd5 3. Nc3 Qd8 4. d4 Bf5 5. Bc4 e6 6. Nge2 Nf6 7. f3 Be7 8.
Be3 Nbd7 9. g4 Bg6 10. h4 h5 11. g5 Nh7 12. Nf4 Nhf8 13. Qe2 Nb6 14. Bb3 c6 15.
O-O-O Bf5 16. d5 exd5 17. Bxb6 axb6 18. Ncxd5 cxd5 19. Nxd5 Bd7 20. f4 Ne6 21.
f5 O-O 22. fxe6 fxe6 23. Nc7 Qxc7 24. Rxd7 1-0

[Event "Reykjavik Open 2024"]
[Site "Reykjavik ISL"]
[Date "2024.03.18"]
[Round "6.123"]
[White "Pollack, Oscar"]
[Black "Koletzko, Leon"]
[Result "1-0"]
[WhiteElo "2092"]
[BlackElo "1777"]
[WhiteFideId "429414"]
[BlackFideId "34644334"]
[EventDate "2024.03.15"]

1. e4 e5 2. Nf3 Nc6 3. Bb5 a6 4. Ba4 d6 5. c3 Nf6 6. d4 Bd7 7. Bc2 g6 8. O-O Bg7
9. Be3 O-O 10. Nbd2 b6 11. h3 Ne8 12. Re1 Kh8 13. Nf1 exd4 14. cxd4 Nf6 15. Qd2
Re8 16. Ng3 Qe7 17. Bg5 Qf8 18. Rac1 Rac8 19. e5 Nd5 20. Bb3 Nce7 21. Ne4 h6 22.
Bf6 Be6 23. Qxh6+ Kg8 24. Qxg7+ Qxg7 25. Bxg7 Kxg7 26. exd6 Nf5 27. Bxd5 Bxd5
28. d7 1-0

[Event "Reykjavik Open 2024"]
[Site "Reykjavik ISL"]
[Date "2024.03.18"]
[Round "6.124"]
[White "Kaergaard, Sissel"]
[Black "Barthel, Ansgar"]
[Result "0-1"]
[WhiteElo "1795"]
[BlackElo "2073"]
[WhiteFideId "1434195"]
[BlackFideId "4643461"]
[EventDate "2024.03.15"]

1. d4 Nf6 2. Bf4 g6 3. e3 Bg7 4. c4 O-O 5. Nc3 d6 6. Nf3 Nbd7 7. Be2 a6 8. h3 c5
9. a4 b6 10. O-O Bb7 11. d5 Qc7 12. Qc2 Rac8 13. Rac1 h6 0-1

[Event "Reykjavik Open 2024"]
[Site "Reykjavik ISL"]
[Date "2024.03.18"]
[Round "6.125"]
[White "Gudnyjarson, Sigurdur Pall"]
[Black "Van Veenendaal, Elmer"]
[Result "0-1"]
[WhiteElo "1789"]
[BlackElo "2027"]
[WhiteFideId "2321637"]
[BlackFideId "1026801"]
[EventDate "2024.03.15"]

1. d4 d6 2. Nf3 g6 3. c4 Bg7 4. g3 Nd7 5. Bg2 e5 6. e4 Ngf6 7. Nc3 O-O 8. O-O
Re8 9. Re1 c6 10. d5 Qc7 11. b3 c5 12. Qc2 Nb8 13. Nh4 Na6 14. a3 Qe7 15. f4
exf4 16. Bxf4 Ng4 17. Nf3 Ne5 18. Nxe5 Bxe5 19. Bxe5 Qxe5 20. Rf1 Bd7 21. Rae1
Nc7 22. Qd3 Re7 23. Qf3 Kg7 24. Re3 Ne8 25. Qf4 Qd4 26. Rd1 Qf6 27. Rde1 g5 28.
Qxf6+ Nxf6 29. e5 Ng4 30. R3e2 Nxe5 31. Ne4 Bg4 32. Re3 f6 33. h3 Bd7 34. Nxd6
b6 35. g4 Rd8 36. Ne4 Rde8 37. Kf1 Ng6 38. Kf2 Nf4 39. Bf1 h6 40. Nd6 Rxe3 41.
Rxe3 Rxe3 42. Kxe3 h5 43. gxh5 Nxh5 44. Be2 Ng3 45. Nb5 Bxb5 46. cxb5 Nxe2 47.
Kxe2 f5 48. b4 cxb4 49. axb4 Kf6 50. Kd3 Ke5 51. Kc4 f4 52. d6 Kxd6 53. Kd4 Ke6
54. Ke4 Kf6 55. h4 gxh4 56. Kxf4 Ke6 57. Kg4 Kd5 58. Kxh4 Kc4 59. Kg4 Kxb5 60.
Kf3 Kxb4 61. Ke3 Kc3 0-1

[Event "Reykjavik Open 2024"]
[Site "Reykjavik ISL"]
[Date "2024.03.18"]
[Round "6.126"]
[White "Osorio Ferrer, Roberto Eduardo"]
[Black "Erlbeck, Peter"]
[Result "0-1"]
[WhiteElo "1776"]
[BlackElo "2014"]
[WhiteFideId "3964612"]
[BlackFideId "4642910"]
[EventDate "2024.03.15"]

1. e4 c5 2. Nf3 Nc6 3. d4 cxd4 4. Nxd4 Nf6 5. Nc3 e6 6. Bg5 Be7 7. f4 h6 8. Bxf6
Bxf6 9. e5 Be7 10. Ndb5 O-O 11. Qd2 a6 12. Nd6 Bxd6 13. Qxd6 Qe7 14. O-O-O Qxd6
15. Rxd6 f6 16. exf6 Rxf6 17. g3 Rb8 18. a4 Kf8 19. Bc4 Ke7 20. Rhd1 Nd8 21. b3
Rf5 22. Rb6 Nc6 23. Re1 Kd8 24. b4 a5 25. bxa5 Rxa5 26. Rb5 Rba8 27. Kb2 d5 28.
Rd1 Ke7 29. Bb3 Kf6 30. g4 g6 31. h3 Rxb5 32. Nxb5 Bd7 33. f5 gxf5 34. gxf5 Kxf5
35. Bxd5 exd5 36. Rxd5+ Ne5 37. Kb3 Be6 38. Nd4+ Kf6 39. Nxe6 Kxe6 40. Rb5 Nc6
41. Ka3 Rb8 42. a5 Kd6 43. Ka4 Kc7 44. Rf5 Rd8 45. Rf7+ Rd7 46. Rf6 Rh7 47. c3
h5 48. h4 Re7 49. Rf5 Re5 50. Rf7+ Kb8 51. c4 Rxa5+ 52. Kb3 Rc5 53. Rh7 Na5+ 54.
Kb4 b6 55. Rg7 Nxc4 0-1

[Event "Reykjavik Open 2024"]
[Site "Reykjavik ISL"]
[Date "2024.03.18"]
[Round "6.127"]
[White "Dyshliuk, Fedir"]
[Black "Bertola, Georges"]
[Result "1/2-1/2"]
[WhiteElo "1740"]
[BlackElo "2010"]
[WhiteFideId "34142827"]
[BlackFideId "1307967"]
[EventDate "2024.03.15"]

1. e4 c5 2. Nf3 g6 3. d4 cxd4 4. Nxd4 Nf6 5. Nc3 Nc6 6. Be3 Bg7 7. Be2 O-O 8.
O-O d5 9. exd5 Nb4 10. Bf3 Nbxd5 11. Nxd5 Nxd5 12. Bxd5 Qxd5 13. c3 b6 14. Qf3
Qxf3 15. Nxf3 Bb7 16. Nd4 Rfc8 17. Rad1 Bd5 18. Nf5 gxf5 19. Rxd5 e6 20. Rd7 Bf6
21. Rfd1 Rd8 22. Rxd8+ Rxd8 23. Rxd8+ Bxd8 24. c4 1/2-1/2

[Event "Reykjavik Open 2024"]
[Site "Reykjavik ISL"]
[Date "2024.03.18"]
[Round "6.128"]
[White "Hafthorsson, Jon Ulfur"]
[Black "Ostensson, Julia"]
[Result "1/2-1/2"]
[WhiteElo "1738"]
[BlackElo "1996"]
[WhiteFideId "2323206"]
[BlackFideId "1747703"]
[EventDate "2024.03.15"]

1. d4 Nf6 2. Nc3 d6 3. Bf4 Nbd7 4. Nf3 c5 5. e3 g6 6. Bc4 h6 7. O-O Bg7 8. Qd3
a6 9. a4 Nb6 10. dxc5 Nxc4 11. Qxc4 dxc5 12. Qxc5 O-O 13. Ne5 Be6 14. Rfd1 Qe8
15. Qb6 Qc8 16. Qb4 Nh5 17. Qxe7 g5 18. Bxg5 Re8 19. Qb4 hxg5 20. Nf3 g4 21. Nd4
Bf8 22. Qa5 Bc5 23. Ne4 b6 24. Qc3 Bd5 25. Nxc5 Qxc5 26. Qxc5 bxc5 27. Nb5 axb5
28. Rxd5 Nf6 29. Rxc5 bxa4 30. Rc4 Rec8 31. Rf4 Rc6 32. c3 Rca6 33. Kf1 Kg7 34.
Ra3 Kg6 35. Rb4 Kf5 36. Rb7 Ke6 37. b3 axb3 38. Rxa6+ Rxa6 39. Rxb3 Ra1+ 40. Ke2
Ra2+ 41. Ke1 Ra1+ 42. Ke2 Ne4 43. f3 Ra2+ 44. Ke1 gxf3 45. gxf3 Ng5 46. Rb6+ Ke7
47. Rb7+ Kf6 48. f4 Nf3+ 49. Kd1 Rxh2 50. e4 Rd2+ 51. Kc1 Re2 52. e5+ Kg7 53.
Kd1 Re4 54. Kc2 1/2-1/2

[Event "Reykjavik Open 2024"]
[Site "Reykjavik ISL"]
[Date "2024.03.18"]
[Round "6.129"]
[White "Skaslien, Ingrid"]
[Black "Mistilioglou, Athanasios"]
[Result "1-0"]
[WhiteElo "1996"]
[BlackElo "1772"]
[WhiteFideId "1520660"]
[BlackFideId "25855344"]
[EventDate "2024.03.15"]

1. d4 Nf6 2. c4 g6 3. Nc3 Bg7 4. Nf3 O-O 5. g3 d6 6. Bg2 Nc6 7. O-O a6 8. h3 Rb8
9. a4 Na5 10. b3 c5 11. Be3 b6 12. Rc1 Bb7 13. Qc2 h6 14. Rfd1 Qc7 15. d5 Kh7
16. Nh4 Bc8 17. Bd2 Bd7 18. e4 b5 19. axb5 axb5 20. cxb5 Bxb5 21. Nxb5 Rxb5 22.
b4 Nb7 23. Bf1 Rb6 24. bxc5 dxc5 25. Bf4 Qc8 26. Be3 Rd8 27. Bg2 Nd7 28. f4 Rb2
29. Qd3 Na5 1-0

[Event "Reykjavik Open 2024"]
[Site "Reykjavik ISL"]
[Date "2024.03.18"]
[Round "6.130"]
[White "Joel Paul Ganta"]
[Black "Winter, Kevin"]
[Result "1-0"]
[WhiteTitle "CM"]
[WhiteElo "1993"]
[BlackElo "1758"]
[WhiteFideId "35066145"]
[BlackFideId "421960"]
[EventDate "2024.03.15"]

1. e4 d6 2. d4 Nf6 3. Nc3 Nbd7 4. Nf3 e5 5. Rg1 h6 6. g4 c6 7. a4 exd4 8. Qxd4
Ne5 9. Nxe5 dxe5 10. Qxe5+ Qe7 11. Qxe7+ Bxe7 12. f3 Be6 13. Be3 Nd7 14. f4 f6
15. O-O-O a6 16. Be2 Bb4 17. Bf3 O-O-O 18. Ne2 Bc5 19. Bxc5 Nxc5 20. b3 g5 21.
Rxd8+ Kxd8 22. h4 Ke7 23. Rh1 gxf4 24. Nxf4 Bf7 25. Ne2 Ne6 26. Ng3 Nd4 27. Bd1
Ne6 28. Re1 Kd6 29. Rf1 Ke7 30. Nf5+ Kd7 31. Be2 b5 32. axb5 axb5 33. b4 Be8 34.
Kb2 Kc7 35. Ra1 Kb6 36. Ra8 Nc7 37. Rd8 Ne6 38. Rd6 Bf7 39. Bf3 Rd8 40. e5 Rxd6
41. Nxd6 Bg6 42. exf6 Kc7 43. Be4 Kxd6 44. Bxg6 Ke5 45. Be8 Kxf6 46. Bxc6 Nd4
47. Be8 Ke7 48. c3 Nf3 49. Bxb5 Nxh4 50. Be2 Ng6 51. c4 Nf4 52. Bf3 Nd3+ 53. Kc3
Ne5 54. Be2 Kd6 55. Bd1 Nd7 56. Kd4 Kc7 57. c5 Nb8 58. b5 Nd7 59. b6+ Kb8 60.
Bf3 Nf6 61. Ke5 Nd7+ 62. Ke6 Kc8 63. b7+ Kb8 64. Kxd7 h5 65. c6 1-0

[Event "Reykjavik Open 2024"]
[Site "Reykjavik ISL"]
[Date "2024.03.18"]
[Round "6.131"]
[White "Wolterink, Jule"]
[Black "Thorisson, Benedikt"]
[Result "0-1"]
[WhiteElo "1720"]
[BlackElo "1992"]
[WhiteFideId "12981206"]
[BlackFideId "2314576"]
[EventDate "2024.03.15"]

1. d4 Nf6 2. Nf3 g6 3. Bf4 Bg7 4. e3 O-O 5. Be2 c5 6. c4 cxd4 7. exd4 d5 8. Nc3
Nc6 9. O-O a6 10. Ne5 Be6 11. c5 Rc8 12. Re1 Ne4 13. Nxc6 Rxc6 14. Bf3 Nxc3 15.
bxc3 b6 16. cxb6 Qxb6 17. Rb1 Qa7 18. Qb3 Rfc8 19. Bd2 Qd7 20. Rb2 h5 21. Qb7
R8c7 22. Qb8+ Kh7 23. h4 Qc8 24. Qxc8 Rxc8 25. Rb7 R8c7 26. Reb1 Rxb7 27. Rxb7
Bh6 28. Bxh6 Kxh6 29. Ra7 Kg7 30. Kf1 Rb6 31. Rxe7 Rb1+ 32. Ke2 Rb2+ 33. Ke3
Rxa2 34. Ra7 a5 35. Bd1 Kf6 36. Ra6 Ke7 37. Rc6 Kd7 38. Rc5 Kd6 39. Bb3 Ra3 40.
Bc2 Ra2 41. Bb3 Ra1 42. Kd2 a4 43. Ra5 a3 44. g3 Kc6 45. Ra6+ Kb7 46. Ra5 Kb6
47. Ra8 Kc6 48. Ra6+ Kd7 49. Ra7+ Ke8 50. Ra8+ Ke7 51. Ra6 Kf8 52. Ra8+ Kg7 53.
Ra6 Kh6 54. Ke2 Bg4+ 55. Kd2 Be6 56. Ke2 Bh3 57. Kd2 Bg2 58. Ra5 Kg7 59. Ra6 f6
60. Ra7+ Kf8 61. Ke2 g5 62. Ra5 Ke7 63. Bxd5 Bxd5 64. Rxd5 a2 65. Ra5 Kd6 66.
hxg5 fxg5 67. Kf3 h4 68. Kg2 h3+ 69. Kh2 g4 70. c4 Kc6 71. d5+ Kb6 72. Ra8 Kc5
73. Ra5+ Kxc4 74. d6 Kb3 75. d7 Rd1 76. Ra7 Rxd7 77. Rxd7 a1=Q 78. Rb7+ Kc4 79.
Rc7+ Kd5 80. Rc2 Qd1 81. Ra2 Qf3 0-1

[Event "Reykjavik Open 2024"]
[Site "Reykjavik ISL"]
[Date "2024.03.18"]
[Round "6.132"]
[White "Heer, Stephan"]
[Black "Bernard, Christopher"]
[Result "1-0"]
[WhiteElo "1987"]
[BlackElo "1728"]
[WhiteFideId "1302345"]
[BlackFideId "447447"]
[EventDate "2024.03.15"]

1. d4 Nf6 2. c4 c5 3. d5 b5 4. cxb5 a6 5. b6 Qxb6 6. Nc3 g6 7. a4 Bg7 8. a5 Qc7
9. e4 d6 10. h3 O-O 11. Nf3 Bb7 12. Bf4 Rd8 13. Bc4 Nxe4 14. Nxe4 Bxb2 15. Ra2
Bg7 16. Qe2 Nd7 17. O-O Nf8 18. Rd1 h6 19. g4 Rdb8 20. Ne1 Bc8 21. Nd3 Qd7 22.
Ng3 e5 23. Bd2 Qe8 24. f4 Nd7 25. Bc3 f6 26. f5 Nf8 27. Nf4 Bd7 28. Ne6 Ra7 29.
Bxa6 Rb3 30. Ne4 Qb8 31. Bc4 Bb5 32. Bxb5 Rxb5 33. Nxd6 Rb3 34. Ne4 gxf5 35.
gxf5 Nxe6 36. dxe6 Bf8 37. Nxf6+ Kh8 38. Bxe5 Rg3+ 39. Kh2 1-0